[Event "Titled Tue 17th Jun Early"]
[Site "chess.com INT"]
[Date "2025.06.17"]
[Round "6"]
[White "Mindlin, Alon"]
[Black "Radchenko, Alexey"]
[Result "1/2-1/2"]
[WhiteTitle "IM"]
[BlackTitle "FM"]
[WhiteElo "2451"]
[BlackElo "2290"]
[WhiteFideId "2800071"]
[BlackFideId "4192362"]
[EventDate "2025.06.17"]

1. e4 c6 2. c4 e6 3. Nc3 d5 4. cxd5 exd5 5. exd5 cxd5 6. Bb5+ Nc6 7. Nf3 Nf6 8.
O-O Be7 9. Ne5 Bd7 10. d4 O-O 11. Bg5 a6 12. Ba4 b5 13. Bb3 Nxe5 14. dxe5 Ng4
15. Bf4 Bg5 16. Bg3 Bh4 17. Bxd5 Bxg3 18. hxg3 Rc8 19. Re1 Qb6 20. Ne4 Nxe5 21.
Qh5 Ng4 22. Rad1 Rce8 23. Re2 Re5 24. Ng5 Nf6 25. Qxf7+ Rxf7 26. Bxf7+ Kf8 27.
Rxe5 h6 28. Rxd7 hxg5 29. Rde7 Qd6 30. Bg6 Qxe7 31. Rxe7 Kxe7 32. Kf1 Kd6 33.
Ke2 Ke5 34. Kf3 g4+ 35. Ke3 Nd5+ 36. Kd3 Nb4+ 37. Kc3 Nxa2+ 38. Kb3 Nc1+ 39. Kb4
Kd4 40. Ka5 Kc4 41. Kxa6 b4 42. Ka5 Nb3+ 43. Kb6 Nd4 44. Bh5 Kb3 45. Kc5 Ne6+
46. Kb5 Nd4+ 47. Ka5 Nc6+ 48. Kb6 Ne5 49. Kb5 g6 50. f4 gxf3 51. Bxf3 g5 52.
Bd5+ Kxb2 53. Kxb4 Kc2 54. Kc5 Kd3 55. Kd6 Kd4 56. Ke6 Ng4 57. Bf3 Ne3 58. Kf6
g4 59. Bb7 Kd3 60. Kg5 Ke2 61. Kf4 Kf2 62. Be4 Nf1 63. Kxg4 Nxg3 64. Bf3 Nh1 65.
Kh4 Ng3 66. Kh3 Nf5 67. g4 Ne7 68. Be4 Ke3 69. Bc2 Kf4 70. Kh4 Ke5 71. g5 Ke6
72. Kh5 Kf7 73. Kh6 Kg8 74. Bb3+ Kh8 75. Be6 Ng6 76. Bf7 Ne5 77. Be8 Ng4+ 78.
Kg6 Ne5+ 79. Kf6 Ng4+ 80. Kf7 Ne5+ 81. Ke6 Nf3 82. g6 Kg7 83. Kf5 Nh4+ 84. Kg5
Nxg6 1/2-1/2

[Event "Titled Tue 17th Jun Early"]
[Site "chess.com INT"]
[Date "2025.06.17"]
[Round "6"]
[White "Lazaro Azcutia, Miguel"]
[Black "Zhukovskyi, Oleksandr"]
[Result "1-0"]
[WhiteTitle "CM"]
[BlackTitle "CM"]
[WhiteElo "2275"]
[BlackElo "2145"]
[WhiteFideId "54538254"]
[BlackFideId "14169371"]
[EventDate "2025.06.17"]

1. e4 Nf6 2. e5 Nd5 3. d4 d6 4. exd6 exd6 5. c4 Nb6 6. d5 Be7 7. Nc3 O-O 8. Be2
Bf5 9. Be3 N8d7 10. Nf3 Bf6 11. Nd4 Bg6 12. O-O Re8 13. Qd2 Nc5 14. Rae1 Qd7 15.
f3 Re7 16. Bf2 Rae8 17. b3 c6 18. dxc6 bxc6 19. Rd1 Qc7 20. Rfe1 h6 21. Bf1 Bg5
22. Rxe7 Rxe7 23. f4 Bf6 24. Re1 Be4 25. b4 Ne6 26. Rxe4 d5 27. Re1 dxc4 28.
Nxe6 fxe6 29. Kh1 Nd5 30. Ne4 c3 31. Qc1 Qxf4 32. Qxf4 Nxf4 33. Nxf6+ gxf6 34.
Bc4 c2 35. Rc1 Kf7 36. Rxc2 Rd7 37. Kg1 Rd1+ 38. Bf1 Rd6 39. g3 Nd5 40. a3 a6
41. Kg2 Ne7 42. Bxa6 Rd1 43. Be2 Ra1 44. Rc3 Nd5 45. Rd3 Ra2 46. Bf3 Ne7 47. Be4
f5 48. Bf3 e5 49. Rb3 e4 50. Bd1 Nd5 51. Kf1 Ra1 52. Ke2 Rc1 53. Kd2 Ra1 54. Bd4
Ra2+ 55. Rb2 Rxa3 56. Bb3 Ke6 57. Bxd5+ Kxd5 58. Be3 Rd3+ 59. Ke2 Kc4 60. Bxh6
Ra3 61. Bf8 Kc3 62. Rd2 Ra8 63. Rd1 Kc4 64. Bc5 Rb8 65. Rc1+ Kd5 66. Ke3 Rh8 67.
h4 Rg8 68. Rg1 Rg4 69. Kf2 Kc4 70. h5 Kd3 71. h6 Rg8 72. Rh1 Rg4 73. h7 f4 74.
gxf4 Rxf4+ 75. Kg3 Rf3+ 76. Kg4 Rf1 77. h8=Q Rxh1 78. Qxh1 e3 79. Qd1+ Kc4 80.
Kf3 Kb5 81. Ke2 Kc4 82. Kxe3 Kb5 83. Ke4 Kc4 84. Qc2+ Kb5 85. Qd3+ Ka4 86. Qc2+
Kb5 87. Kd3 Ka6 88. Qa4+ Kb7 89. Qa7+ Kc8 90. Bd6 Kd8 91. Qc7+ 1-0

[Event "Titled Tue 17th Jun Early"]
[Site "chess.com INT"]
[Date "2025.06.17"]
[Round "6"]
[White "Khazhatuly, Alikhan"]
[Black "Foldes, Marton Gabor"]
[Result "1-0"]
[WhiteTitle "CM"]
[BlackTitle "FM"]
[WhiteElo "2173"]
[BlackElo "2295"]
[WhiteFideId "13731335"]
[BlackFideId "794708"]
[EventDate "2025.06.17"]

1. e4 c5 2. d4 cxd4 3. c3 Nf6 4. e5 Nd5 5. cxd4 e6 6. Nf3 d6 7. Bc4 Be7 8. O-O
O-O 9. Qe2 b6 10. Bxd5 exd5 11. Nc3 Be6 12. Bf4 dxe5 13. Nxe5 Bf6 14. Rac1 Nd7
15. Nc6 Qc8 16. Nb5 Qa6 17. Nb4 Qa4 18. Bd6 Rfc8 19. b3 Qa5 20. Nc7 Rxc7 21.
Rxc7 b5 22. Rfc1 g6 23. Qe3 Kg7 24. h4 h5 25. Nc6 Qb6 26. Ne5 Qxd6 27. R1c6 Bxe5
28. Rxd6 Bxd6 29. Rc6 Bf8 30. Qd3 a6 31. Qc3 Re8 32. Rc8 Re7 33. Ra8 Nf6 34.
Rxa6 Ne4 35. Qd3 Rc7 36. Qd1 Bd6 37. f3 Nc3 38. Qe1 Bf4 39. Rb6 Bg3 40. Qxg3
Ne2+ 41. Kh2 Nxg3 42. Kxg3 Bd7 43. Rd6 Be8 44. Rxd5 Ra7 45. a4 bxa4 46. bxa4
Rxa4 47. Rd8 Bc6 48. d5 Bb5 49. Rb8 Bc4 50. d6 Ra7 51. Rc8 Kf6 52. Rxc4 Rd7 53.
Rf4+ Ke6 54. Re4+ Kxd6 55. Rd4+ Ke6 56. Re4+ Kf6 57. Re2 Kg7 58. Ra2 Rd5 59. Kf4
Rb5 60. Ra4 Rb6 61. g3 Kf6 62. Rd4 Ra6 63. g4 hxg4 64. fxg4 Ra1 65. g5+ Kg7 66.
Ke5 Ra5+ 67. Kf4 Rf5+ 68. Kg4 Re5 69. Rf4 Re1 70. Rf3 Rg1+ 71. Kf4 Rh1 72. Kg3
Kf8 73. Ra3 Rg1+ 74. Kh2 Rf1 75. Ra8+ Ke7 76. Ra7+ Ke6 77. Ra6+ Kf5 78. Rf6+ Kg4
79. Rxf1 Kxh4 80. Rxf7 Kxg5 81. Kg3 Kh5 82. Rf1 g5 83. Rf5 Kg6 84. Kg4 1-0

[Event "Titled Tue 17th Jun Early"]
[Site "chess.com INT"]
[Date "2025.06.17"]
[Round "6"]
[White "Cahaya, Satria Duta"]
[Black "Xue, Haowen"]
[Result "1/2-1/2"]
[WhiteTitle "FM"]
[BlackTitle "GM"]
[WhiteElo "2386"]
[BlackElo "2518"]
[WhiteFideId "7124252"]
[BlackFideId "8625492"]
[EventDate "2025.06.17"]

1. e4 c5 2. Nf3 e6 3. d4 cxd4 4. Nxd4 a6 5. Nc3 Qc7 6. Bd3 Nf6 7. O-O Bc5 8. Nb3
Ba7 9. Kh1 Nc6 10. f4 d6 11. Qf3 b5 12. Bd2 Bb7 13. Rae1 h5 14. a4 b4 15. Na2 a5
16. c3 O-O 17. Qg3 bxc3 18. Nxc3 Qe7 19. e5 Nd7 20. Ne4 dxe5 21. f5 exf5 22.
Rxf5 h4 23. Qg4 Bc8 24. Rg5 g6 25. Bc4 Kg7 26. Qxh4 Rh8 27. Qg3 Nf8 28. Bc3 Bb8
29. Bd5 Bd7 30. Nbc5 Ra7 31. Qf3 f5 32. Nxd7 fxe4 33. Qxe4 Qxg5 34. Nxf8 Rxf8
35. Bxc6 Raf7 36. Bb5 Qf5 37. Qe2 Kh7 38. h3 e4 39. Bd2 Bg3 40. Rg1 e3 41. Bxe3
Re7 42. Qd2 Qe5 43. Bd4 Qf4 44. Qxf4 Rxf4 45. Bc5 Ref7 46. Bd6 Bf2 47. Rf1 R4f5
48. g4 Rd5 49. Bc4 Rxd6 50. Bxf7 Bc5 51. Bc4 Kh6 52. b3 Rd2 53. h4 Bf2 54. Kg2
Bxh4+ 55. Kf3 Kg5 56. Ke4 Kxg4 57. Rg1+ Bg3 58. Be6+ Kh4 59. Rh1+ Kg5 60. Rh8
Re2+ 61. Kf3 Rxe6 62. Kxg3 Re3+ 63. Kf2 Rxb3 64. Ra8 Kf4 65. Rxa5 Rb2+ 66. Kg1
Ra2 67. Rc5 g5 68. a5 g4 69. Rc4+ Kf3 70. Rc3+ Kf4 71. Rc4+ Kg3 72. Rc3+ Kh4 73.
Rb3 Rxa5 74. Kg2 Ra2+ 75. Kg1 Rd2 76. Rc3 Rd7 77. Rb3 Rf7 78. Kg2 Ra7 79. Rc3
Ra2+ 80. Kg1 Re2 81. Rb3 Rd2 82. Rc3 g3 83. Rc8 Rd1+ 84. Kg2 Rd2+ 85. Kg1 Rd5
86. Rh8+ Kg4 87. Rg8+ Kf4 88. Rf8+ Rf5 89. Rxf5+ Kxf5 90. Kg2 Kg4 91. Kg1 Kg5
92. Kg2 Kh4 93. Kg1 Kh3 94. Kh1 Kg4 95. Kg2 Kf4 96. Kg1 Kf3 97. Kf1 Ke3 98. Kg2
Kf4 99. Kg1 Kf3 100. Kf1 g2+ 101. Kg1 Kg3 1/2-1/2

[Event "Titled Tue 17th Jun Early"]
[Site "chess.com INT"]
[Date "2025.06.17"]
[Round "6"]
[White "Aakash Sharadchandra, Dalvi"]
[Black "Akobian, Varuzhan"]
[Result "0-1"]
[WhiteTitle "FM"]
[BlackTitle "GM"]
[WhiteElo "2396"]
[BlackElo "2551"]
[WhiteFideId "25033220"]
[BlackFideId "13300580"]
[EventDate "2025.06.17"]

1. d4 d5 2. Bf4 Bf5 3. c4 e6 4. Nc3 c6 5. Qb3 Qb6 6. c5 Qxb3 7. axb3 Nd7 8. Nf3
a6 9. b4 Rc8 10. h3 h6 11. e3 Ngf6 12. Ne5 Be7 13. Kd2 Bd8 14. Bd3 Bc7 15. Nxd7
Kxd7 16. Bxc7 Kxc7 17. g4 Bxd3 18. Kxd3 h5 19. g5 Ng8 20. h4 Ne7 21. Ne2 Nf5 22.
Ng3 g6 23. Nxf5 exf5 24. f4 Rhe8 25. Ra3 Re6 26. Rha1 Rce8 27. Kd2 R8e7 28. Rd3
f6 29. Rg1 fxg5 30. Rxg5 Re8 31. Rg3 Ra8 32. Ra3 Rae8 33. Ra1 R8e7 34. Rag1 Kd7
35. R1g2 Ke8 36. Rg1 Kf7 37. Ra1 Re8 38. Ra3 Rb8 39. Rg1 Re7 40. Rga1 Rbe8 41.
Rg1 Re4 42. Rg3 Rb8 43. Rg1 Re7 44. Rga1 g5 45. hxg5 Kg6 46. Rh1 Rbe8 47. Rh3
Rb8 48. Ra1 Re6 49. Rah1 Rh8 50. R1h2 Re7 51. Rh1 Ree8 52. Rh4 Ra8 53. Ra1 Rab8
54. Ke2 Rh7 55. Kf3 Re7 56. Ra3 Rbe8 57. Rh1 Rb8 58. Rc1 h4 59. Rh1 Kh5 60. Raa1
Rbe8 61. Rae1 Re6 62. Rh3 R8e7 63. Kf2 Rh7 64. Reh1 Kg4 65. Rf3 Kh5 66. Kg2 Kg4
67. Rfh3 Re8 68. Kf2 Ree7 69. Rf3 Kh5 70. Rg1 Kg6 71. Rh3 Re8 72. Rgh1 Reh8 73.
Kf3 Rh5 74. R1h2 R8h7 75. Rh1 Rh8 76. Ra1 Kf7 77. b5 cxb5 78. c6 bxc6 79. Rxa6
Rc8 80. Ra7+ Ke6 81. Rg7 Kd6 82. b4 Re8 83. Rg6+ Re6 84. Rh6 Rexh6 85. gxh6 Rxh6
86. Rh1 Ke6 87. Rc1 Ke7 88. Rh1 Kf6 89. Ra1 Kg7 90. Ra7+ Kg6 91. Ra1 h3 92. Rh1
Rh8 93. Kg3 Re8 94. Kf3 Rh8 95. Kg3 Ra8 96. Kxh3 Ra3 97. Rc1 Rxe3+ 98. Kh4 Re4
99. Rxc6+ Kf7 100. Rc5 Ke6 101. Kg5 Rxd4 102. Rxb5 Rc4 103. Rb6+ Ke7 104. Kxf5
d4 105. Ke5 d3 106. Rb7+ Kd8 107. Rb5 Rc7 108. Ra5 d2 109. Ra1 Rc1 110. Ra8+ Kc7
111. Ra7+ Kb6 112. Rd7 d1=Q 113. Rxd1 Rxd1 114. f5 Kc7 115. b5 Kd7 116. b6 Rb1
117. Kf6 Rxb6+ 118. Kg7 Ke7 0-1

[Event "Titled Tue 17th Jun Early"]
[Site "chess.com INT"]
[Date "2025.06.17"]
[Round "7"]
[White "Lisenkov, Svyatoslav"]
[Black "Anakok, Deniz"]
[Result "1-0"]
[WhiteTitle "CM"]
[BlackTitle "CM"]
[WhiteElo "2283"]
[BlackElo "2058"]
[WhiteFideId "34264183"]
[BlackFideId "51603586"]
[EventDate "2025.06.17"]

1. e4 c5 2. Nf3 e6 3. Be2 Nc6 4. O-O d5 5. exd5 exd5 6. d4 cxd4 7. Nxd4 Nf6 8.
Be3 Be7 9. Nc3 O-O 10. h3 Be6 11. a3 Rc8 12. Qd2 Ne5 13. Rad1 Nc4 14. Bxc4 Rxc4
15. Qe2 Qa5 16. Rfe1 Bxa3 17. Ra1 Rxc3 18. bxc3 1-0

[Event "Titled Tue 17th Jun Early"]
[Site "chess.com INT"]
[Date "2025.06.17"]
[Round "7"]
[White "Odegov, Artem"]
[Black "Panda, Sambit"]
[Result "1-0"]
[WhiteTitle "FM"]
[BlackTitle "IM"]
[WhiteElo "2244"]
[BlackElo "2379"]
[WhiteFideId "34183644"]
[BlackFideId "25091794"]
[EventDate "2025.06.17"]

1. d4 d5 2. c4 e6 3. Nf3 a6 4. Bg5 Be7 5. Bxe7 Nxe7 6. Nbd2 O-O 7. Rc1 Nd7 8. g3
c5 9. cxd5 Nxd5 10. dxc5 Qa5 11. a3 b6 12. c6 N7f6 13. Bg2 Re8 14. O-O e5 15.
Nc4 Qb5 16. Nd6 Qxb2 17. Nxe8 1-0

[Event "Titled Tue 17th Jun Early"]
[Site "chess.com INT"]
[Date "2025.06.17"]
[Round "7"]
[White "Grezels, Florian"]
[Black "Khazhatuly, Alikhan"]
[Result "0-1"]
[WhiteTitle "FM"]
[BlackTitle "CM"]
[WhiteElo "2306"]
[BlackElo "2173"]
[WhiteFideId "20696450"]
[BlackFideId "13731335"]
[EventDate "2025.06.17"]

1. e4 c5 2. Nf3 e6 3. d4 cxd4 4. Nxd4 a6 5. Nc3 Bb4 6. Bd3 d6 7. O-O Nf6 8. f4
Bc5 9. Be3 Nc6 10. Nce2 Ng4 11. Qd2 Nxe3 12. Qxe3 e5 13. Qg3 Nxd4 14. Qxg7 Ne6+ 0-1

[Event "Titled Tue 17th Jun Early"]
[Site "chess.com INT"]
[Date "2025.06.17"]
[Round "7"]
[White "Aakash, G"]
[Black "Chen, Ryo"]
[Result "1-0"]
[WhiteTitle "FM"]
[BlackTitle "IM"]
[WhiteElo "2123"]
[BlackElo "2395"]
[WhiteFideId "25644394"]
[BlackFideId "7003072"]
[EventDate "2025.06.17"]

1. d4 Nf6 2. c4 g5 3. Bxg5 c5 4. d5 Ne4 5. Bd2 Bg7 6. Nc3 Nxd2 7. Qxd2 d6 8. e3
Nd7 9. Be2 a6 10. Nf3 O-O 11. O-O Kh8 12. Bd3 Nf6 13. Rab1 Bg4 14. Ng5 h6 15.
Nge4 Nxe4 16. Nxe4 Qd7 17. Ng3 b5 18. f3 bxc4 19. Bc2 Be6 20. dxe6 fxe6 21. b3 1-0

[Event "Titled Tue 17th Jun Early"]
[Site "chess.com INT"]
[Date "2025.06.17"]
[Round "7"]
[White "Shevchenko, Yaroslav"]
[Black "Wan, Yunguo"]
[Result "0-1"]
[BlackTitle "GM"]
[WhiteElo "2179"]
[BlackElo "2501"]
[WhiteFideId "34144684"]
[BlackFideId "8603189"]
[EventDate "2025.06.17"]

1. e4 c5 2. Nf3 e6 3. d4 cxd4 4. Nxd4 Nf6 5. Nc3 Nc6 6. Ndb5 Bb4 7. a3 Bxc3+ 8.
Nxc3 d5 9. exd5 exd5 10. Bg5 O-O 11. Be2 h6 12. Bxf6 Qxf6 13. Qxd5 Rd8 14. Qf3
Bf5 15. O-O Nd4 16. Qf4 Rac8 17. Bd3 g5 18. Qg3 Bxd3 19. cxd3 Rxc3 0-1

[Event "Titled Tue 17th Jun Early"]
[Site "chess.com INT"]
[Date "2025.06.17"]
[Round "7"]
[White "Mrudul, Dehankar"]
[Black "Bogdanov, Artyom"]
[Result "1-0"]
[WhiteTitle "WIM"]
[BlackTitle "FM"]
[WhiteElo "2078"]
[BlackElo "2370"]
[WhiteFideId "25096990"]
[BlackFideId "13749200"]
[EventDate "2025.06.17"]

1. e4 d5 2. exd5 Qxd5 3. Nc3 Qd8 4. Bc4 Nf6 5. Nf3 Nbd7 6. d4 e6 7. O-O Bd6 8.
Re1 Nb6 9. Bd3 Nbd5 10. Ne5 Nxc3 11. bxc3 Bxe5 12. dxe5 Nd5 13. Qg4 g6 14. Bg5
h5 15. Qh4 Qd7 16. c4 Ne7 17. Bf6 Rg8 18. Rad1 1-0

[Event "Titled Tue 17th Jun Early"]
[Site "chess.com INT"]
[Date "2025.06.17"]
[Round "7"]
[White "Terron Elena, Francisco M."]
[Black "Jval Saurin Patel"]
[Result "0-1"]
[WhiteTitle "FM"]
[BlackTitle "FM"]
[WhiteElo "2148"]
[BlackElo "2331"]
[WhiteFideId "2210576"]
[BlackFideId "25968343"]
[EventDate "2025.06.17"]

1. e4 e6 2. d4 d5 3. Nc3 Nf6 4. e5 Nfd7 5. f4 c5 6. Nf3 Nc6 7. Be3 Be7 8. Qd2
O-O 9. Be2 a6 10. a3 b5 11. dxc5 Bxc5 12. b4 Bb6 13. Nd4 Ndxe5 14. Ndxb5 Bxe3
15. Qxe3 d4 16. Qe4 f5 0-1

[Event "Titled Tue 17th Jun Early"]
[Site "chess.com INT"]
[Date "2025.06.17"]
[Round "7"]
[White "Nakonechnyi, Oleksii"]
[Black "Lazavik, Denis"]
[Result "0-1"]
[WhiteTitle "CM"]
[BlackTitle "GM"]
[WhiteElo "2222"]
[BlackElo "2580"]
[WhiteFideId "34173714"]
[BlackFideId "13515110"]
[EventDate "2025.06.17"]

1. d4 Nf6 2. Nf3 g6 3. g3 Bg7 4. Bg2 O-O 5. O-O d6 6. c4 c5 7. d5 b5 8. cxb5 a6
9. b6 Nbd7 10. Nc3 a5 11. e4 Ng4 12. Re1 Ba6 13. Nd2 Nge5 14. Bf1 Qxb6 15. Bxa6
Qxa6 16. Qc2 Rab8 17. Kg2 Nd3 18. Re3 c4 19. f4 N7c5 20. Nd1 Nb4 21. Qxc4 Qxc4
22. Nxc4 Nc2 23. Rb1 Nxe3+ 24. Bxe3 Nxe4 25. Nxa5 Ra8 26. b4 Rfc8 27. Kf3 Nf6
28. Bd4 Nxd5 29. Bxg7 Kxg7 30. a3 Nc3 0-1

[Event "Titled Tue 17th Jun Early"]
[Site "chess.com INT"]
[Date "2025.06.17"]
[Round "7"]
[White "Sutormin, Danila"]
[Black "Cori Quispe, Kevin Joel"]
[Result "0-1"]
[WhiteTitle "FM"]
[BlackTitle "GM"]
[WhiteElo "2381"]
[BlackElo "2464"]
[WhiteFideId "24108669"]
[BlackFideId "3814017"]
[EventDate "2025.06.17"]

1. e4 c5 2. Nf3 g6 3. c4 Bg7 4. d4 cxd4 5. Nxd4 Nc6 6. Be3 Qb6 7. Nb3 Qc7 8. Nc3
Bxc3+ 9. bxc3 Nf6 10. f3 d6 11. Be2 b6 12. O-O Bd7 13. Nd4 Ne5 14. Qb3 Rc8 15.
Bg5 Nxc4 16. Bxf6 exf6 17. Nb5 Qc5+ 18. Nd4 Nd2 19. Qd5 Qxd5 20. exd5 Nxf1 21.
Bxf1 Rxc3 22. Bb5 Kd8 23. Re1 Re8 24. Rd1 Ra3 25. Bc6 Rxa2 0-1

[Event "Titled Tue 17th Jun Early"]
[Site "chess.com INT"]
[Date "2025.06.17"]
[Round "7"]
[White "Emeliantsev, Anatoliy"]
[Black "Murthy, Pappu"]
[Result "1-0"]
[WhiteTitle "FM"]
[WhiteElo "2359"]
[BlackElo "1838"]
[WhiteFideId "4160681"]
[BlackFideId "2013401"]
[EventDate "2025.06.17"]

1. d4 Nf6 2. c4 e6 3. Nc3 d5 4. Bg5 h6 5. Bh4 dxc4 6. e3 Be7 7. Bxc4 Nbd7 8. Nf3
a6 9. a4 b6 10. O-O Bb7 11. Qe2 O-O 12. e4 c5 13. e5 Bxf3 14. Qxf3 Nd5 15. Bxd5
exd5 16. Bxe7 Qxe7 17. Nxd5 Qe6 18. Nc7 Qc4 19. Nxa8 1-0

[Event "Titled Tue 17th Jun Early"]
[Site "chess.com INT"]
[Date "2025.06.17"]
[Round "7"]
[White "Gong, Qianyun"]
[Black "Xalmatov, Yakubjon"]
[Result "1-0"]
[WhiteTitle "WGM"]
[BlackTitle "CM"]
[WhiteElo "2228"]
[BlackElo "2096"]
[WhiteFideId "8602425"]
[BlackFideId "14201615"]
[EventDate "2025.06.17"]

1. d4 Nf6 2. c4 e6 3. Nf3 Bb4+ 4. Nbd2 d5 5. a3 Be7 6. Qc2 O-O 7. c5 b6 8. b4 a5
9. Bb2 Ba6 10. e3 Bxf1 11. Kxf1 Qd7 12. g3 Qb5+ 13. Kg2 axb4 14. axb4 Nc6 15.
Bc3 Nxb4 16. Bxb4 Rxa1 17. Rxa1 Qxb4 18. Rb1 Qa5 19. Ne5 bxc5 20. Nc6 Qa3 21.
Nxe7+ Kh8 22. Qxc5 1-0

[Event "Titled Tue 17th Jun Early"]
[Site "chess.com INT"]
[Date "2025.06.17"]
[Round "7"]
[White "Bluebaum, Matthias"]
[Black "Paravyan, David"]
[Result "0-1"]
[WhiteTitle "GM"]
[BlackTitle "GM"]
[WhiteElo "2663"]
[BlackElo "2589"]
[WhiteFideId "24651516"]
[BlackFideId "4194985"]
[EventDate "2025.06.17"]

1. d4 d5 2. c4 e6 3. Nc3 Nf6 4. cxd5 Nxd5 5. e4 Nxc3 6. bxc3 c5 7. Rb1 Be7 8.
Bc4 O-O 9. Ne2 Nc6 10. O-O b6 11. Be3 Bb7 12. Ng3 Rc8 13. Rc1 cxd4 14. cxd4 Ba3
15. Rc3 Bb2 16. Rc2 Nxd4 17. Rxb2 Rxc4 18. Qd3 Nf3+ 0-1

[Event "Titled Tue 17th Jun Early"]
[Site "chess.com INT"]
[Date "2025.06.17"]
[Round "7"]
[White "Chiappero, Julio Alfredo"]
[Black "Dwilewicz, Katarzyna"]
[Result "0-1"]
[WhiteTitle "FM"]
[BlackTitle "WFM"]
[WhiteElo "2238"]
[BlackElo "2198"]
[WhiteFideId "139998"]
[BlackFideId "1148486"]
[EventDate "2025.06.17"]

1. d4 d5 2. c4 dxc4 3. e4 e5 4. Nf3 exd4 5. Bxc4 Nf6 6. Nbd2 Be7 7. O-O O-O 8.
e5 Nd5 9. Nxd4 Nb6 10. N4f3 Nxc4 11. Nxc4 Qxd1 12. Rxd1 Bg4 13. Bf4 Nc6 14. Rac1
Rad8 15. Ne3 Bxf3 16. gxf3 Rxd1+ 17. Rxd1 Rd8 18. Rxd8+ Bxd8 19. Nd5 Kf8 20. Be3
Nxe5 21. Bxa7 Nxf3+ 22. Kg2 Nd2 23. Bc5+ Ke8 24. f3 c6 25. Nc3 Bf6 26. a4 Nc4
27. Ne4 Bxb2 28. Kf2 h6 29. Ke2 Be5 30. Kd3 Nb2+ 0-1

[Event "Titled Tue 17th Jun Early"]
[Site "chess.com INT"]
[Date "2025.06.17"]
[Round "7"]
[White "Demchenko, Yaroslav"]
[Black "Mikhailova, Irina"]
[Result "1/2-1/2"]
[WhiteTitle "CM"]
[BlackTitle "WGM"]
[WhiteElo "2263"]
[BlackElo "2143"]
[WhiteFideId "14186667"]
[BlackFideId "4109040"]
[EventDate "2025.06.17"]

1. Nf3 Nf6 2. b3 g6 3. Bb2 Bg7 4. d4 O-O 5. e3 d5 6. Bd3 c5 7. O-O b6 8. Nbd2
Ba6 9. c4 dxc4 10. bxc4 cxd4 11. exd4 Nc6 12. Rc1 Rc8 13. Re1 e6 14. Qa4 Bb7 15.
Nf1 Qd7 16. Ne3 Nxd4 17. Qxd7 Nxf3+ 18. gxf3 Nxd7 19. Ba3 Rfd8 20. Kg2 Nc5 21.
Bc2 Nd3 22. Bxd3 Rxd3 23. Bb4 Bf8 24. Bc3 Bg7 25. Bb4 Bf8 26. Bc3 Bg7 27. Bb4 1/2-1/2

[Event "Titled Tue 17th Jun Early"]
[Site "chess.com INT"]
[Date "2025.06.17"]
[Round "7"]
[White "Sharapov, Yevhen"]
[Black "Kezin, Roman"]
[Result "0-1"]
[WhiteTitle "GM"]
[BlackTitle "IM"]
[WhiteElo "2375"]
[BlackElo "2471"]
[WhiteFideId "14103133"]
[BlackFideId "24124621"]
[EventDate "2025.06.17"]

1. e4 c5 2. Nf3 a6 3. c4 b6 4. d4 cxd4 5. Nxd4 Bb7 6. Nc3 e6 7. Be2 Qc7 8. O-O
Nf6 9. f3 Bd6 10. h3 Nh5 11. f4 Nxf4 12. Bxf4 Bxf4 13. Kh1 O-O 14. Qd3 Nc6 15.
Nxc6 Bxc6 16. Qf3 Be5 17. Rac1 Rac8 18. Nd5 Qd8 19. Ne3 f5 20. Qh5 Bxe4 21. Bf3
Bf4 22. Bxe4 Bxe3 23. Rce1 fxe4 24. Rxf8+ Qxf8 25. Rxe3 Qf1+ 26. Kh2 Qf4+ 27.
Rg3 g6 28. Qd1 d6 29. Qd4 Rc5 30. h4 Rh5 0-1

[Event "Titled Tue 17th Jun Early"]
[Site "chess.com INT"]
[Date "2025.06.17"]
[Round "7"]
[White "Roebers, Jan"]
[Black "Burmakin, Evgeniy"]
[Result "0-1"]
[WhiteTitle "FM"]
[BlackTitle "FM"]
[WhiteElo "2056"]
[BlackElo "2110"]
[WhiteFideId "1007815"]
[BlackFideId "4163729"]
[EventDate "2025.06.17"]

1. e4 c5 2. d4 cxd4 3. c3 dxc3 4. Nxc3 Nc6 5. Nf3 e6 6. Bc4 a6 7. O-O Nge7 8.
Bg5 h6 9. Bh4 g5 10. Bg3 Ng6 11. Qe2 h5 12. h3 g4 13. hxg4 hxg4 14. Nh2 Nce5 15.
Nxg4 Qg5 16. Nxe5 Nxe5 17. Rfd1 Qh6 18. f3 Bc5+ 0-1

[Event "Titled Tue 17th Jun Early"]
[Site "chess.com INT"]
[Date "2025.06.17"]
[Round "7"]
[White "Yatskar, Martin"]
[Black "Atoyan, Alberto"]
[Result "0-1"]
[WhiteTitle "CM"]
[BlackTitle "CM"]
[WhiteElo "2225"]
[BlackElo "2266"]
[WhiteFideId "34109676"]
[BlackFideId "13314831"]
[EventDate "2025.06.17"]

1. d4 Nf6 2. c4 e6 3. Nc3 d5 4. cxd5 exd5 5. Bg5 c6 6. e3 Be7 7. Bd3 O-O 8. Qc2
h6 9. Bh4 Re8 10. Nge2 Ne4 11. Bxe7 Qxe7 12. O-O Nd7 13. Nxe4 dxe4 14. Bc4 Nf6
15. a4 a5 16. Ng3 h5 17. Rae1 h4 18. Ne2 h3 19. g3 Bg4 20. Nf4 g5 21. Ne2 Bf3
22. Rc1 Ng4 23. Qb3 Qf6 24. d5 Bg2 25. Nd4 Bxf1 26. Bxf1 Qxf2+ 27. Kh1 Qxh2# 0-1

[Event "Titled Tue 17th Jun Early"]
[Site "chess.com INT"]
[Date "2025.06.17"]
[Round "7"]
[White "Salinas Herrera, Pablo"]
[Black "Carlsson, Ludvig"]
[Result "1-0"]
[WhiteTitle "GM"]
[BlackTitle "IM"]
[WhiteElo "2447"]
[BlackElo "2379"]
[WhiteFideId "3407128"]
[BlackFideId "1727010"]
[EventDate "2025.06.17"]

1. e4 e5 2. Nf3 Nf6 3. Nc3 Nc6 4. Bb5 Bb4 5. O-O O-O 6. Bxc6 dxc6 7. d3 Re8 8.
Ne2 Nd7 9. Ng3 a5 10. a4 b5 11. Be3 bxa4 12. c3 Bf8 13. Qxa4 c5 14. Rfd1 Nb6 15.
Qc2 Qf6 16. d4 cxd4 17. cxd4 exd4 18. Bxd4 Qe7 19. Rac1 Ra7 20. Ne5 Rb7 21. Nc6
Qh4 22. Nxa5 Ra7 23. Nc6 Ra4 24. Bxb6 1-0

[Event "Titled Tue 17th Jun Early"]
[Site "chess.com INT"]
[Date "2025.06.17"]
[Round "7"]
[White "Estrada Nieto, Julian"]
[Black "Villa, Ma. Elayza"]
[Result "1-0"]
[WhiteTitle "IM"]
[WhiteElo "2181"]
[BlackElo "1819"]
[WhiteFideId "5101018"]
[BlackFideId "5224292"]
[EventDate "2025.06.17"]

1. e4 e6 2. d4 d5 3. Nd2 dxe4 4. Nxe4 Nd7 5. Nf3 Ngf6 6. Nxf6+ Nxf6 7. g3 Be7 8.
Bg2 O-O 9. O-O c5 10. c4 Qc7 11. Bf4 Bd6 12. Bxd6 Qxd6 13. dxc5 Qxc5 14. Qd4 Qc7
15. Rfd1 Bd7 16. Ne5 Rfd8 17. Qd6 Rac8 18. Qxc7 Rxc7 19. Rd4 Rdc8 20. Rad1 Bc6
21. Nxc6 h6 22. Ne5 b6 23. Rd8+ Rxd8 24. Rxd8+ Kh7 25. b3 g6 26. f4 Kg7 27. Bf3
h5 28. Kf2 Re7 29. Ke3 Ne8 30. Nc6 1-0